000 00364nam a2200133Ia 4500
005 20260328101524.0
008 260328s9999||||xx |||||||||||||| ||und||
100 _aEmbacher, Michael
245 0 _aCyclepedia :
_b A Century of iconic Bicycle Design /
_cMichael Embacher
260 _bChronicle Books
300 _a224 p.
650 _aDISEÑO INDUSTRIAL
942 _cBK
999 _c9703
_d9703